000 00503nam a2200169 a 4500
001 000001812
005 20200929145719.0
008 090629s2004 bl a 000 0 spa d
040 _aDO-SdBNP
_bspa
_cBNPHU
082 _a027.581
_bB582b
110 2 _aBiblioteca Nacional (Brasil)
_95885
245 1 0 _aBiblioteca Nacional.
260 _aSão Paulo :
_bBanco Safra,
_c2004.
300 _a351 p. :
_bil. ;
_c29 cm.
500 _aIncluye bibliografia
610 2 4 _aBIBLIOTECA NACIONAL (BRASIL)
_xCATÁLOGOS
_95886
999 _c1689
_d1689